Score 0/11 Timer 03:00
0 Plays Today
President/First Lady % Correct
Ronald Reagan
98.2%
George Bush
97.6%
Jimmy Carter
96.5%
Nancy Reagan
95.3%
Gerald Ford
94.8%
Richard Nixon
93.5%
Barbara Bush
92.2%
Betty Ford
76.2%
Pat Nixon
65.6%
Lady Bird Johnson
58.6%
Rosalynn Carter
48.2%
Remove Ads.
Support Sporcle.
Get the best of Sporcle when you Go Orange. This ad-free experience offers more features, more stats, and more fun while also helping to support Sporcle. Thank you for becoming a member.

You're not logged in!

Compare scores with friends on all Sporcle quizzes.
OR
Log In

Show Comments

Extras

Top Quizzes Today


Score Distribution

Your Account Isn't Verified!

In order to create a playlist on Sporcle, you need to verify the email address you used during registration. Go to your Sporcle Settings to finish the process.

Report this User

Report this user for behavior that violates our Community Guidelines.

Details: